|
|
|
|
| LEADER |
01388nam a2200349 a 4500 |
| 001 |
EBC1021974 |
| 003 |
MiAaPQ |
| 005 |
20200520144314.0 |
| 006 |
m o d | |
| 007 |
cr cn||||||||| |
| 008 |
091015s2010 mdu s 000 0 eng d |
| 010 |
|
|
|z 2009939378
|
| 020 |
|
|
|z 9780761849698 (paper alk. paper)
|
| 020 |
|
|
|a 9780761849704 (electronic bk.)
|
| 035 |
|
|
|a (MiAaPQ)EBC1021974
|
| 035 |
|
|
|a (Au-PeEL)EBL1021974
|
| 035 |
|
|
|a (CaPaEBR)ebr10602198
|
| 035 |
|
|
|a (CaONFJC)MIL391258
|
| 035 |
|
|
|a (OCoLC)855502251
|
| 040 |
|
|
|a MiAaPQ
|c MiAaPQ
|d MiAaPQ
|
| 050 |
|
4 |
|a HB501
|b .B456 2010
|
| 082 |
0 |
4 |
|a 330.12201
|2 23
|
| 100 |
1 |
|
|a Bernstein, Andrew.
|
| 245 |
1 |
0 |
|a Capitalism unbound
|h [electronic resource] :
|b the incontestable moral case for individual rights /
|c Andrew Bernstein.
|
| 260 |
|
|
|a Lanham :
|b University Press of America,
|c c2010.
|
| 300 |
|
|
|a xi, 133 p.
|
| 505 |
0 |
|
|a pt. 1. The historic superiority of capitalism -- pt. 2. The moral superiority of capitalism -- pt. 3. The economic superiority of capitalism.
|
| 533 |
|
|
|a Electronic reproduction. Ann Arbor, MI : ProQuest, 2015. Available via World Wide Web. Access may be limited to ProQuest affiliated libraries.
|
| 650 |
|
0 |
|a Capitalism.
|
| 655 |
|
4 |
|a Electronic books.
|
| 710 |
2 |
|
|a ProQuest (Firm)
|
| 856 |
4 |
0 |
|u https://ebookcentral.proquest.com/lib/matrademy/detail.action?docID=1021974
|z Click to View
|